| 000 | 01321cam a2200313 a 4500 | ||
|---|---|---|---|
| 999 |
_c17999 _d17999 |
||
| 001 | 16163023 | ||
| 005 | 20190306020054.0 | ||
| 008 | 100330s2010 njua b 001 0 eng | ||
| 010 | _a 2010290915 | ||
| 020 | _a9780470118573 | ||
| 040 |
_aDLC _cDLC _dDLC |
||
| 050 | 0 | 0 |
_aGE70 _b.R38 2010 |
| 100 | 1 | _aRaven, Peter H. | |
| 245 | 1 | 0 |
_aEnvironment / _cPeter H. Raven, Linda R. Berg, David M. Hassenzahl. |
| 250 | _a7th ed. | ||
| 260 |
_aHoboken, N.J. : _bJ. Wiley & Sons, c2010. |
||
| 300 |
_axx, 589, A1-12, G1-16, T1-2, I1-16 p. : _bill. (some col.) ; _c26 cm. |
||
| 500 | _aFold-out data sheet inserted. | ||
| 504 | _aIncludes bibliographical references and index. | ||
| 650 | 0 | _aEnvironmental education. | |
| 650 | 0 | _aEnvironmental policy. | |
| 650 | 0 | _aConservation of natural resources. | |
| 700 | 1 | _aBerg, Linda R. | |
| 700 | 1 | _aHassenzahl, David M. | |
| 856 | 4 | 2 |
_3Publisher description _uhttp://www.loc.gov/catdir/enhancements/fy1008/2010290915-d.html |
| 856 | 4 | 1 |
_3Table of contents only _uhttp://www.loc.gov/catdir/enhancements/fy1008/2010290915-t.html |
| 942 |
_2lcc _cBOOKS _hGE70 .R38 2010 _05 |
||